000
00259nam a2200133Ia 4500
100
_a
Niit
490
_v
I
942
_c
RB
366
_f
10
654
_a
'C' Programming
245
_a
''''C'''' Programming
260
_b
Time-life books
546
_a
ENGLISH
999
_c
25543
_d
25543